| 000 | 00609nam 22001933 4500 | ||
|---|---|---|---|
| 001 | 200732 | ||
| 010 | _a2-04-010645-6 | ||
| 090 | _a200732 | ||
| 100 | _a20260225d u||y0pory50 ba | ||
| 200 |
_aInflação e gestão _fAlain Senéterre _gtradução de António M. Rollo Lucas |
||
| 210 |
_aPorto _cRés-Editora _d[19??] |
||
| 215 |
_a219, [7] p. _cencadernado _d21 cm |
||
| 606 |
_915014 _aGestão, administração de empresas. Organização |
||
| 675 |
_a658 _vPT _zpor |
||
| 700 |
_916485 _aSenéterre _bAlain |
||
| 702 |
_911855 _aLucas _bAntónio M. Rollo |
||
| 801 |
_aPT _bBMMN _gRPC |
||
| 830 | _cVanda | ||
| 990 | _cLIVROS | ||